Statistics for Random Order: Capitals of North America

Click here to take the quiz!

General Stats

  • This quiz has been taken 312 times
  • The average score is 20 of 23

Answer Stats

CountryCapital% Correct
CubaHavana
97%
MexicoMexico City
97%
CanadaOttawa
97%
United States of AmericaWashington D.C.
97%
JamaicaKingston
96%
PanamaPanama City
96%
El SalvadorSan Salvador
96%
GuatemalaGuatemala City
95%
HaitiPort-au-Prince
94%
BahamasNassau
93%
Dominican RepublicSanto Domingo
93%
Costa RicaSan Jose
91%
BelizeBelmopan
90%
NicaraguaManagua
90%
Trinidad and TobagoPort of Spain
87%
HondurasTegucigalpa
87%
BarbadosBridgetown
83%
DominicaRoseau
79%
Antigua and BarbudaSaint John's
79%
Saint LuciaCastries
78%
GrenadaSaint George's
78%
Saint Vincent and the GrenadinesKingstown
75%
Saint Kitts and NevisBasseterre
74%

Score Distribution

Percentile by Number Answered

Percent of People with Each Score

Your Score History

You have not taken this quiz